Diversidad cultural y ecoturismo (Registro nro. 5067)
[ vista simple ]
| 000 -CABECERA | |
|---|---|
| campo de control de longitud fija | 00563aam a2200205 4500 |
| 005 - FECHA Y HORA DE ACTUALIZACIÓN | |
| campo de control | 20161212094725.0 |
| 008 - LONGITUD FIJA | |
| campo de control de longitud fija | 150428b xxu||||| |||| 00| 0 spa d |
| 041 ## - IDIOMA | |
| Código de idioma del texto/pista de sonido o título separado | |
| 082 ## - CLASIFICACIÓN DECIMAL DEWEY | |
| Número de clasificación | 1.0.61 Ch512d |
| 100 ## - AUTOR PERSONAL | |
| Nombre de persona | Chavez de la Peña, Jorge |
| 245 ## - TÍTULO PROPIAMENTE DICHO | |
| Título | Diversidad cultural y ecoturismo |
| 260 ## - PIE DE IMPRENTA | |
| Lugar de publicación, distribución, etc. | México |
| Nombre del editor, distribuidor, etc. | Trillas |
| Fecha de publicación, distribución, etc. | 2008 |
| 300 ## - DESCRIPCIÓN FÍSICA | |
| Extensión | 206 páginas |
| 650 ## - Materia General | |
| Materia general | TURISMO CULTURAL |
| 650 ## - Materia General | |
| Materia general | ECOTURISMO |
| 650 ## - Materia General | |
| Materia general | MEDIO AMBIENTE |
| 650 ## - Materia General | |
| Materia general | ECOLOGÍA HUMANA |
| 650 ## - Materia General | |
| Materia general | DIVERSIDAD CULTURAL |
| 942 ## - Punto de Acceso Adicional Koha | |
| Tipo de ítem Koha | Libro |
| Estado perdido | Estado dañado | No para préstamo | Biblioteca permanente | Biblioteca actual | Signatura completa | Código de barras | Precio efectivo a partir del | Tipo de ítem |
|---|---|---|---|---|---|---|---|---|
| Departamento de Biblioteca y Documentación Alfonso Chase Brenes | Departamento de Biblioteca y Documentación Alfonso Chase Brenes | 1.0.61 Ch512d | 13868 | 12/12/2016 | Libro | |||
| Departamento de Biblioteca y Documentación Alfonso Chase Brenes | Departamento de Biblioteca y Documentación Alfonso Chase Brenes | 1.0.61 Ch512d | 13999 | 12/12/2016 | Libro |